| 000 | 00581nam a2200205 i 4500 | ||
|---|---|---|---|
| 001 | 27921 | ||
| 003 | ES-MaACL | ||
| 005 | 20230906153730.0 | ||
| 007 | t| | ||
| 008 | 030115s1980 sp ||||1| spa d | ||
| 100 | 1 |
_aAznar Grasa, Antonio. _924310 |
|
| 245 | 1 | 0 |
_aProblemas de econometría / _cAntonio Aznar Grasa, Antonio García Ferrer. |
| 260 |
_aMadrid : _bPirámide, _c[1980] |
||
| 300 |
_a495 p. ; _c23 cm. |
||
| 490 | 1 | _aQuantum | |
| 700 | 1 |
_aGarcía Ferrer, Antonio. _954611 |
|
| 830 | 0 |
_aQuantum _9181155 |
|
| 852 |
_aES-MaACL _jL-321 _bR.100938 |
||
| 999 |
_c27921 _d27921 |
||